Statistics for Winningest MLB Franchises

Click here to take the quiz!

General Stats

  • This quiz has been taken 73 times
  • The average score is 9 of 30

Answer Stats

W-L D W% Franchise % Correct
10,378-7,84088.570New York Yankees
100%
10,974-9,818139.528Los Angeles Dodgers
69%
11,165-9,687163.535San Francisco Giants
67%
10,918-10,063151.520St. Louis Cardinals
60%
9,602-8,90883.519Boston Red Sox
56%
10,982-10,404161.513Chicago Cubs
45%
10,599-10,393139.505Cincinnati Reds
40%
9,477-9,03791.511Cleveland Indians
36%
9,346-9,19193.506Detroit Tigers
36%
10,545-10,405140.504Pittsburgh Pirates
36%
9,214-9,215103.502Chicago White Sox
31%
10,697-10,659154.500Atlanta Braves
31%
1,686-1,8760.469Tampa Bay Rays
29%
1,990-2,3140.466Miami Marlins
25%
3,913-4,2174.480Milwaukee Brewers
22%
9,825-11,000115.472Philadelphia Phillies
22%
3,747-4,3892.461San Diego Padres
22%
2,033-2,2800.472Colorado Rockies
20%
4,500-4,9126.478Texas Rangers
20%
4,709-4,7193.500Los Angeles Angels
20%
1,763-1,8010.493Arizona Diamondbacks
20%
4,448-4,80868.480New York Mets
18%
8,768-9,728110.475Baltimore Orioles
18%
9,028-9,42587.488Oakland Athletics
16%
4,601-4,6665.494Houston Astros
16%
3,977-4,1494.488Washington Nationals
15%
8,903-9,703109.480Minnesota Twins
15%
3,219-3,6222.473Seattle Mariners
15%
3,383-3,4583.496Toronto Blue Jays
15%
3,901-4,2222.482Kansas City Royals
13%

Score Distribution

Percentile by Number Answered

Percent of People with Each Score

Your Score History

You have not taken this quiz